| 000 | 00720nam a22001937a 4500 | ||
|---|---|---|---|
| 999 |
_c165414 _d165414 |
||
| 005 | 20230125115641.0 | ||
| 010 | _aUR-10212 | ||
| 020 |
_a9789387829541 _c400.00 |
||
| 035 | _aU-8767 | ||
| 037 | _bDBAD/PUB | ||
| 082 | _aک | ||
| 100 | _aنقش بند قمر نقوی بخاری | ||
| 245 |
_aکھنڈ ر کا بھو ت(آ د م خو ر شير ) / _cنقش بند قمر نقوی بخاری |
||
| 246 |
_bKhandar ka Bhoot (Aadam Khor Sher) (Urdu) / _aby Naqshband Qamar Naqvi Bukhari |
||
| 260 |
_a Delhi _bEducational Publishing House _c2018 ء |
||
| 270 |
_a3191،Vakil Street,Kucha Pandit,Lal Kuan, _bDelhi _e110006 _k23216162 _l00911123211540 |
||
| 300 |
_a196 ص _c22cm(Hb) |
||
| 942 |
_2ddc _cUR _hک _mن ق و |
||